[Event "12.PSF-B"]
[Site "Prague"]
[Date "2016.06.19"]
[Round "1.1"]
[White "Zabehlicky, Jiri"]
[Black "Novy, Filip"]
[Result "1/2-1/2"]
[WhiteElo "1497"]
[BlackElo "1966"]
[PlyCount "77"]
[EventDate "2016.06.25"]
[EventType "swiss"]
[EventRounds "9"]
[EventCountry "CZE"]

1. c4 c5 2. g3 Nf6 3. Bg2 e6 4. e3 Qc7 5. Ne2 Be7 6. Nbc3 a6 7. b3 O-O 8. O-O
Nc6 9. Bb2 b6 10. d4 Bb7 11. d5 Ne5 12. e4 exd5 13. exd5 d6 14. Nf4 Rab8 15.
Nd3 Nfd7 16. Ne4 Nxd3 17. Qxd3 f5 18. Nd2 Ne5 19. Qc2 Bc8 20. Rae1 Bf6 21. Re2
Bd7 22. Rfe1 b5 23. f4 Ng6 24. Bxf6 Rxf6 25. Nf3 h6 26. Nd2 Qb7 27. h4 Rf7 28.
h5 Nf8 29. Re7 Nh7 30. Rxf7 Kxf7 31. Bh3 Qc8 32. Nf3 bxc4 33. bxc4 Nf8 34. Nh4
Kf6 35. Qc3+ Kf7 36. Qc2 Kf6 37. Qc3+ Kf7 38. Qc2 Kf6 39. Qc3+ 1/2-1/2

[Event "12.PSF-B"]
[Site "Prague"]
[Date "2016.06.19"]
[Round "1.2"]
[White "Fiala, Jiri"]
[Black "Engel, Tomas"]
[Result "1/2-1/2"]
[WhiteElo "1934"]
[BlackElo "1469"]
[PlyCount "92"]
[EventDate "2016.06.25"]
[EventType "swiss"]
[EventRounds "9"]
[EventCountry "CZE"]

1. d4 d5 2. Nf3 Nf6 3. Bf4 e6 4. e3 c5 5. c3 Nc6 6. Nbd2 cxd4 7. exd4 Bd6 8.
Ne5 Qc7 9. Bb5 Nd7 10. Qe2 O-O 11. Nxd7 Bxd7 12. Bxd6 Qxd6 13. O-O a6 14. Bd3
b5 15. f4 b4 16. Bxa6 bxc3 17. bxc3 Qa3 18. Bb7 Rab8 19. Bxc6 Bxc6 20. Qe3 Rb2
21. Nf3 Rc8 22. Qc1 Ra8 23. Ne5 Bb5 24. Rf2 Rxf2 25. Kxf2 Qxc1 26. Rxc1 Rxa2+
27. Kg3 f6 28. Nf3 Bd3 29. Rd1 Be4 30. Rc1 Rc2 31. Rxc2 Bxc2 32. Kf2 Kf7 33. g3
Kg6 34. h4 Be4 35. Nd2 Kf5 36. Ke3 Bc2 37. Nf1 h6 38. Nd2 g5 39. hxg5 hxg5 40.
fxg5 Kxg5 41. Nf3+ Kg4 42. Kf2 Be4 43. Nd2 f5 44. Nb3 f4 45. gxf4 Kxf4 46. Ke2
e5 1/2-1/2

[Event "12.PSF-B"]
[Site "Prague"]
[Date "2016.06.19"]
[Round "1.3"]
[White "Lhotska, Anna"]
[Black "Koper, Stefan"]
[Result "0-1"]
[WhiteElo "1461"]
[BlackElo "1872"]
[PlyCount "78"]
[EventDate "2016.06.25"]
[EventType "swiss"]
[EventRounds "9"]
[EventCountry "CZE"]

1. e4 g6 2. d4 Bg7 3. c4 d6 4. Nf3 Nc6 5. Be2 Bg4 6. Be3 Bxf3 7. Bxf3 e5 8. d5
Nce7 9. Nc3 a6 10. a4 f5 11. O-O f4 12. Bd2 Nf6 13. g3 g5 14. Bh5+ Ng6 15. Bg4
Nxg4 16. Qxg4 Qf6 17. b4 h5 18. Qe2 f3 19. Qe3 Bh6 20. Qd3 g4 21. Bxh6 Rxh6 22.
b5 h4 23. Nd1 hxg3 24. fxg3 Ne7 25. Ne3 Qg5 26. Rfb1 Kd7 27. bxa6 bxa6 28. Rb7
f2+ 29. Kxf2 Rxh2+ 30. Kg1 Rah8 31. Rab1 Rh1+ 32. Kf2 R8h2+ 33. Ng2 Qf6+ 34.
Ke3 Qf3+ 35. Kd2 Rxg2+ 36. Kc3 Qxd3+ 37. Kxd3 Rxg3+ 38. Kc2 Rh2+ 39. Kc1 Rg1#
0-1

[Event "12.PSF-B"]
[Site "Prague"]
[Date "2016.06.19"]
[Round "1.4"]
[White "Kalvach, Ladislav"]
[Black "Bara, Josef"]
[Result "1-0"]
[WhiteElo "1777"]
[BlackElo "1437"]
[PlyCount "75"]
[EventDate "2016.06.25"]
[EventType "swiss"]
[EventRounds "9"]
[EventCountry "CZE"]

1. e4 e6 2. d4 d5 3. Nd2 Nf6 4. e5 Nfd7 5. Bd3 c5 6. c3 Nc6 7. Ne2 cxd4 8. cxd4
Bb4 9. O-O Qb6 10. Nf3 f6 11. exf6 Nxf6 12. a3 Bd6 13. Re1 Bd7 14. b4 Qc7 15.
h3 e5 16. dxe5 Nxe5 17. Ned4 O-O 18. Nxe5 Bxe5 19. Be3 Bf4 20. Rc1 Qb8 21. Qd2
Bxe3 22. Qxe3 Re8 23. Qg5 Rxe1+ 24. Rxe1 Qd6 25. Bf5 Re8 26. Rxe8+ Bxe8 27. Qe3
Bd7 28. Bxd7 Qxd7 29. Qe6+ Qxe6 30. Nxe6 Kf7 31. Nd8+ Ke7 32. Nxb7 d4 33. Kf1
Ke6 34. Ke2 Kd5 35. Kd3 g5 36. Nc5 h5 37. g3 g4 38. h4 1-0

[Event "12.PSF-B"]
[Site "Prague"]
[Date "2016.06.19"]
[Round "1.5"]
[White "Zubek, Rudolf"]
[Black "Vitek, Jan"]
[Result "1/2-1/2"]
[WhiteElo "1423"]
[BlackElo "1775"]
[PlyCount "36"]
[EventDate "2016.06.25"]
[EventType "swiss"]
[EventRounds "9"]
[EventCountry "CZE"]

1. e4 e6 2. d3 f5 3. Nc3 fxe4 4. Nxe4 Nf6 5. Be2 d5 6. Ng3 Bd6 7. Nh5 Nxh5 8.
Bxh5+ g6 9. Be2 O-O 10. Nf3 Nc6 11. Be3 e5 12. O-O Bf5 13. Bh6 Re8 14. Re1 e4
15. dxe4 Bxe4 16. Ng5 Bf8 17. Nxe4 Bxh6 18. Nc5 b6 1/2-1/2

[Event "12.PSF-B"]
[Site "Prague"]
[Date "2016.06.19"]
[Round "1.6"]
[White "Kucera, Josef"]
[Black "Rimovsky, Pavel"]
[Result "0-1"]
[WhiteElo "1739"]
[BlackElo "1422"]
[PlyCount "66"]
[EventDate "2016.06.25"]
[EventType "swiss"]
[EventRounds "9"]
[EventCountry "CZE"]

1. Nf3 g6 2. g3 Bg7 3. Bg2 Nf6 4. d4 O-O 5. O-O d5 6. b3 Nbd7 7. c4 e6 8. Bb2
b6 9. Nc3 Bb7 10. Rc1 c6 11. Re1 Rc8 12. e4 dxe4 13. Nxe4 Nxe4 14. Rxe4 c5 15.
Rh4 h6 16. Ne5 Bxg2 17. Kxg2 Nxe5 18. dxe5 Qxd1 19. Rxd1 Rcd8 20. Rb1 Rd2 21.
a3 Rfd8 22. Re4 Rc2 23. Bc1 Rd1 24. b4 Rdxc1 25. Rb3 Rxc4 26. Ree3 cxb4 27.
axb4 Ra1 28. f4 Bf8 29. b5 Raa4 30. Red3 Rd4 31. Rbc3 Bc5 32. Kf3 Rxd3+ 33.
Rxd3 Ra3 0-1

[Event "12.PSF-B"]
[Site "Prague"]
[Date "2016.06.19"]
[Round "1.7"]
[White "Rousek, Jan"]
[Black "Krnak, Vladimir"]
[Result "0-1"]
[WhiteElo "1421"]
[BlackElo "1720"]
[PlyCount "108"]
[EventDate "2016.06.25"]
[EventType "swiss"]
[EventRounds "9"]
[EventCountry "CZE"]

1. d4 Nf6 2. c4 g6 3. g3 Bg7 4. Nf3 O-O 5. Bg2 d6 6. Nc3 a6 7. O-O Nc6 8. Re1
Rb8 9. Bg5 h6 10. Bxf6 Bxf6 11. e3 e5 12. Rc1 Bd7 13. Nd5 Bg7 14. Qd3 Re8 15.
Qc3 b6 16. Rcd1 Bg4 17. h3 exd4 18. exd4 Rxe1+ 19. Rxe1 Bxf3 20. Qxf3 Nxd4 21.
Qe4 Ne6 22. Nb4 Rc8 23. b3 a5 24. Nc6 Qf6 25. h4 Bf8 26. Bh3 Re8 27. Kf1 h5 28.
Nd4 Ng7 29. Qd5 Rxe1+ 30. Kxe1 Qe5+ 31. Qxe5 dxe5 32. Nb5 Bd6 33. Nxd6 cxd6 34.
Bg2 Kf8 35. Kd2 Ke7 36. Kd3 Ne6 37. Ke4 f5+ 38. Kd5 Kd7 39. c5 Nxc5 40. Kc4 e4
41. Kb5 Kc7 42. Kc4 Kc6 43. Kd4 Ne6+ 44. Ke3 d5 45. Bf1 Kc5 46. a3 d4+ 47. Ke2
b5 48. Kd2 d3 49. f3 Kd5 50. fxe4+ fxe4 51. Bh3 Nc5 52. b4 e3+ 53. Ke1 axb4 54.
axb4 Ne4 0-1

[Event "12.PSF-B"]
[Site "Prague"]
[Date "2016.06.19"]
[Round "1.8"]
[White "Kuhnmund, Ivan"]
[Black "Korsinskij, Nikolas"]
[Result "1-0"]
[WhiteElo "1703"]
[BlackElo "1378"]
[PlyCount "47"]
[EventDate "2016.06.25"]
[EventType "swiss"]
[EventRounds "9"]
[EventCountry "CZE"]

1. e4 e5 2. f4 exf4 3. Nf3 Nc6 4. Bc4 Nf6 5. Nc3 Bc5 6. d4 Bb6 7. Bxf4 d6 8.
Be3 Bg4 9. O-O Qd7 10. Qd3 O-O-O 11. Na4 Ba5 12. c3 d5 13. exd5 Nxd5 14. Nc5
Qe7 15. Bg5 f6 16. Rae1 Qd6 17. Bh4 Nb6 18. Bg3 Qf8 19. Ne6 Bxe6 20. Bxe6+ Kb8
21. b4 Bxb4 22. cxb4 Nxb4 23. Qb3 N6d5 24. a3 1-0

[Event "12.PSF-B"]
[Site "Prague"]
[Date "2016.06.19"]
[Round "1.9"]
[White "Husa, Daniel"]
[Black "Kosar, Milan"]
[Result "1/2-1/2"]
[WhiteElo "1392"]
[BlackElo "1668"]
[PlyCount "63"]
[EventDate "2016.06.25"]
[EventType "swiss"]
[EventRounds "9"]
[EventCountry "CZE"]

1. b3 e5 2. Bb2 Nc6 3. c4 Nf6 4. e3 Bb4 5. a3 Be7 6. Nf3 d6 7. d4 exd4 8. Nxd4
Nxd4 9. exd4 Bg4 10. Be2 Bxe2 11. Qxe2 O-O 12. O-O Re8 13. Qf3 d5 14. Qd3 Ne4
15. Nd2 Nxd2 16. Qxd2 Bf6 17. Rfe1 Qd7 18. h3 dxc4 19. bxc4 Rad8 20. Rxe8+ Rxe8
21. Re1 Rxe1+ 22. Qxe1 Qe7 23. Qxe7 Bxe7 24. Kf1 Kf8 25. Ke2 Bf6 26. Kd3 Ke7
27. Bc3 Kd6 28. Bb4+ Ke6 29. Ke4 c6 30. g3 Bd8 31. a4 f5+ 32. Kf4 1/2-1/2

[Event "12.PSF-B"]
[Site "Prague"]
[Date "2016.06.19"]
[Round "1.10"]
[White "Ruzicka, Vaclav"]
[Black "Korsinskij, Marek"]
[Result "1/2-1/2"]
[WhiteElo "1635"]
[BlackElo "1378"]
[PlyCount "86"]
[EventDate "2016.06.25"]
[EventType "swiss"]
[EventRounds "9"]
[EventCountry "CZE"]

1. d4 Nf6 2. c4 g6 3. f3 Bg7 4. e4 d6 5. Nc3 O-O 6. Be3 Nbd7 7. Qd2 c5 8. d5 a6
9. a4 Ne5 10. h3 Qa5 11. f4 Ned7 12. g4 Rb8 13. Nf3 b5 14. cxb5 axb5 15. Bxb5
Nxe4 16. Nxe4 Rxb5 17. Qxa5 Rxa5 18. Nc3 Bxc3+ 19. bxc3 Nb6 20. Kf2 Nxd5 21.
Bd2 Nb6 22. Rhb1 Rxa4 23. Rxa4 Nxa4 24. Ke3 f5 25. g5 Kf7 26. Kd3 Ba6+ 27. Kc2
Be2 28. Ne1 c4 29. Be3 Rc8 30. Bd4 Nc5 31. Bxc5 Rxc5 32. Kd2 Bf3 33. Rb4 Be4
34. h4 Ke6 35. Ke3 Rc7 36. Rb8 Kf7 37. Nf3 Bxf3 38. Kxf3 e5 39. fxe5 dxe5 40.
Rb4 Ke6 41. Ke3 Kd5 42. Rb5+ Kc6 43. Rxe5 Rd7 1/2-1/2

[Event "12.PSF-B"]
[Site "Prague"]
[Date "2016.06.19"]
[Round "1.11"]
[White "Rous, Dominik"]
[Black "Schoppe, Christian"]
[Result "0-1"]
[WhiteElo "1224"]
[BlackElo "1633"]
[PlyCount "42"]
[EventDate "2016.06.25"]
[EventType "swiss"]
[EventRounds "9"]
[EventCountry "CZE"]

1. e4 e5 2. Nf3 Bd6 3. Nc3 c6 4. Bc4 Nf6 5. Ng5 O-O 6. Bxf7+ Rxf7 7. Nxf7 Kxf7
8. O-O Bc7 9. d4 d6 10. dxe5 dxe5 11. Qxd8 Bxd8 12. Bg5 Be6 13. Rad1 Be7 14.
Bxf6 gxf6 15. f3 Na6 16. b3 h5 17. Ne2 h4 18. h3 Nb4 19. c4 Rg8 20. a3 Nc2 21.
a4 Ne3 0-1

[Event "12.PSF-B"]
[Site "Prague"]
[Date "2016.06.19"]
[Round "1.12"]
[White "Sebek, Pavel"]
[Black "Vavrova, Jirina"]
[Result "1-0"]
[WhiteElo "1612"]
[BlackElo "1051"]
[PlyCount "135"]
[EventDate "2016.06.25"]
[EventType "swiss"]
[EventRounds "9"]
[EventCountry "CZE"]

1. e4 e6 2. Nf3 Nf6 3. e5 Nd5 4. d4 g6 5. Bg5 Be7 6. Bh6 Bf8 7. Qd2 d6 8. Bc4
c6 9. Bxf8 Rxf8 10. Qh6 Rh8 11. Qg7 Ke7 12. Bxd5 cxd5 13. exd6+ Kxd6 14. Qe5+
Ke7 15. O-O Nc6 16. Qe3 b6 17. Nc3 Ba6 18. Rfe1 Nb4 19. Rac1 Qd6 20. a3 Nc6 21.
b4 b5 22. Ne5 Nxe5 23. dxe5 Qd7 24. Qg5+ Ke8 25. Rcd1 Bb7 26. Ne4 h6 27. Qf6
Rg8 28. Nd6+ Kf8 29. Rd4 Qe7 30. Qxe7+ Kxe7 31. Nxb7 Rac8 32. Nc5 h5 33. Re3
Rc7 34. c3 Rc6 35. Rh4 a6 36. Rg3 a5 37. Rxh5 axb4 38. axb4 Rcc8 39. Rhg5 Rg7
40. h4 Ra8 41. h5 Rag8 42. Nd3 Kf8 43. hxg6 fxg6 44. Nf4 Kf7 45. Kf1 Rh8 46.
Rxg6 Rhg8 47. Rxg7+ Rxg7 48. Rxg7+ Kxg7 49. Nxe6+ Kg6 50. g4 Kf7 51. Nc7 Ke7
52. Nxb5 Ke6 53. f4 d4 54. Nxd4+ Kd5 55. e6 Kc4 56. Ne2 Kd5 57. e7 Ke6 58.
e8=Q+ Kf6 59. Nd4 Kg7 60. Ne6+ Kf6 61. f5 Ke5 62. Ke2 Kf6 63. Ke3 Ke5 64. Ng7+
Kf6 65. Qg6+ Ke7 66. f6+ Kd6 67. Ne8+ Ke5 68. Qf5# 1-0

[Event "12.PSF-B"]
[Site "Prague"]
[Date "2016.06.19"]
[Round "1.13"]
[White "Magsumov, Rinat"]
[Black "Zacek, Petr"]
[Result "1-0"]
[WhiteElo "1599"]
[BlackElo "1584"]
[PlyCount "71"]
[EventDate "2016.06.25"]
[EventType "swiss"]
[EventRounds "9"]
[EventCountry "CZE"]

1. e4 c5 2. Ne2 d6 3. d4 cxd4 4. Nxd4 Nf6 5. Nc3 a6 6. h3 e6 7. g4 Be7 8. Be3
O-O 9. g5 Nfd7 10. Qh5 Nc6 11. Nxc6 bxc6 12. f4 Rb8 13. Bd3 Qa5 14. Bd2 Nc5 15.
Nd5 Nxd3+ 16. cxd3 Qd8 17. Nxe7+ Qxe7 18. Bc3 Rb5 19. O-O-O d5 20. Rhf1 c5 21.
Be5 Qb7 22. f5 dxe4 23. f6 Rd8 24. dxe4 Rxd1+ 25. Rxd1 Bd7 26. fxg7 c4 27. Bf6
Qc7 28. Qf3 e5 29. Qa3 Rb8 30. Qe7 Qb6 31. Bxe5 Qe3+ 32. Kb1 Qxe4+ 33. Ka1 Qe2
34. Qd6 Rc8 35. Qxd7 Ra8 36. Qd8+ 1-0

[Event "12.PSF-B"]
[Site "Prague"]
[Date "2016.06.19"]
[Round "1.14"]
[White "Zednik, Petr"]
[Black "Novotny, Josef"]
[Result "0-1"]
[WhiteElo "1563"]
[BlackElo "1523"]
[PlyCount "74"]
[EventDate "2016.06.25"]
[EventType "swiss"]
[EventRounds "9"]
[EventCountry "CZE"]

1. e4 c5 2. Nf3 e6 3. d4 cxd4 4. Nxd4 a6 5. Be2 Qc7 6. O-O Nf6 7. Nc3 b5 8. a3
Bb7 9. Bf3 d6 10. Bg5 Be7 11. Qd2 O-O 12. Rad1 Nbd7 13. Rfe1 Rfd8 14. Re2 Rac8
15. Rde1 Ne5 16. h3 d5 17. exd5 Nc4 18. Qc1 Nxd5 19. Nxd5 Bxd5 20. Bxe7 Qxe7
21. Bxd5 Rxd5 22. Nf3 Qf6 23. c3 Rcd8 24. Nd4 Na5 25. Nf3 Nb3 26. Qc2 Nc5 27.
Nd4 g6 28. Qc1 Nd3 29. Qe3 Nxe1 30. Rxe1 Qg7 31. Nc6 R8d7 32. Qb6 Qf8 33. Qxa6
Rd1 34. Kf1 Qd6 35. Qa8+ Kg7 36. Nd4 Rxe1+ 37. Kxe1 e5 0-1

[Event "12.PSF-B"]
[Site "Prague"]
[Date "2016.06.19"]
[Round "1.15"]
[White "Plate, Marion Helga"]
[Black "Palla, Ivan"]
[Result "1-0"]
[WhiteElo "1276"]
[BlackElo "1558"]
[PlyCount "73"]
[EventDate "2016.06.25"]
[EventType "swiss"]
[EventRounds "9"]
[EventCountry "CZE"]

1. d4 f5 2. g3 Nf6 3. Bg2 g6 4. c4 c6 5. Nc3 Bg7 6. Nf3 O-O 7. O-O d6 8. Qc2
Na6 9. a3 Nc7 10. b3 Qe8 11. Bb2 e5 12. dxe5 dxe5 13. e4 Bd7 14. a4 Rd8 15. Ba3
Rf7 16. Ng5 Re7 17. Bxe7 Qxe7 18. Rfd1 h6 19. Nf3 Rf8 20. Nh4 Be8 21. exf5 Qc5
22. Ne4 Nxe4 23. Bxe4 gxf5 24. Nxf5 Ne6 25. Rd2 Ng5 26. Rb1 Bh5 27. b4 Qb6 28.
Rd7 Rf7 29. c5 Qa6 30. Rd8+ Rf8 31. Rxf8+ Bxf8 32. Bd3 b5 33. Nd6 Bxd6 34. cxd6
Qc8 35. Bf5 Qd8 36. Qxc6 Bf3 37. Qc7 1-0

[Event "12.PSF-B"]
[Site "Prague"]
[Date "2016.06.20"]
[Round "2.1"]
[White "Koper, Stefan"]
[Black "Sebek, Pavel"]
[Result "1-0"]
[WhiteElo "1872"]
[BlackElo "1612"]
[PlyCount "45"]
[EventDate "2016.06.25"]
[EventType "swiss"]
[EventRounds "9"]
[EventCountry "CZE"]

1. d4 Nf6 2. c4 d5 3. cxd5 Nxd5 4. e4 Nf6 5. Nc3 c6 6. Bc4 b5 7. e5 bxc4 8.
exf6 exf6 9. Be3 Be6 10. Nf3 g6 11. Nd2 Bg7 12. O-O O-O 13. Qa4 f5 14. Nxc4
Bxc4 15. Qxc4 Re8 16. Na4 Qd5 17. Rac1 Re6 18. Qxd5 cxd5 19. Rc8+ Bf8 20. Bh6
Nd7 21. Rxa8 Re4 22. Nc5 Re7 23. Nxd7 1-0

[Event "12.PSF-B"]
[Site "Prague"]
[Date "2016.06.20"]
[Round "2.2"]
[White "Rimovsky, Pavel"]
[Black "Kalvach, Ladislav"]
[Result "0-1"]
[WhiteElo "1422"]
[BlackElo "1777"]
[PlyCount "78"]
[EventDate "2016.06.25"]
[EventType "swiss"]
[EventRounds "9"]
[EventCountry "CZE"]

1. c4 e5 2. Nc3 Nf6 3. g3 d5 4. cxd5 Nxd5 5. Bg2 Be6 6. Nf3 Nc6 7. d3 Be7 8.
O-O O-O 9. a3 a5 10. Re1 f5 11. Nxd5 Bxd5 12. e4 fxe4 13. dxe4 Be6 14. Be3 Qxd1
15. Rexd1 Bg4 16. Nxe5 Nxe5 17. Rd5 Bd6 18. f4 Nc4 19. Bd4 Be7 20. Bc5 Rfe8 21.
b3 Nb6 22. Re5 Bxc5+ 23. Rxc5 c6 24. f5 Nd7 25. Rc3 Ne5 26. h3 Be2 27. Kf2 Ba6
28. Ke3 Rad8 29. Kf4 Rd2 30. Bh1 Kf7 31. g4 h6 32. Rg1 g5+ 33. fxg6+ Nxg6+ 34.
Kg3 Ke6 35. h4 Ne5 36. Bg2 Rf8 37. g5 hxg5 38. Bh3+ g4 39. Rf1 Bxf1 0-1

[Event "12.PSF-B"]
[Site "Prague"]
[Date "2016.06.20"]
[Round "2.4"]
[White "Novotny, Josef"]
[Black "Kuhnmund, Ivan"]
[Result "0-1"]
[WhiteElo "1523"]
[BlackElo "1703"]
[PlyCount "86"]
[EventDate "2016.06.25"]
[EventType "swiss"]
[EventRounds "9"]
[EventCountry "CZE"]

1. Nf3 b6 2. c4 Bb7 3. d4 e6 4. Nc3 Nf6 5. a3 g6 6. Bg5 h6 7. Bh4 d6 8. Qc2 g5
9. Bg3 Nh5 10. e4 Bg7 11. h3 Nxg3 12. fxg3 Nd7 13. Be2 c6 14. O-O-O Qe7 15.
Rde1 O-O 16. Nh2 d5 17. cxd5 cxd5 18. e5 a6 19. Kb1 b5 20. b4 Rfc8 21. Bh5 f5
22. exf6 Nxf6 23. Bf3 a5 24. Qb3 axb4 25. axb4 Rc4 26. Kc1 Rxc3+ 27. Qxc3 Rc8
28. Qxc8+ Bxc8 29. Ng4 Qxb4 30. Ne5 Qc3+ 31. Kb1 Bf8 32. Rc1 Qb4+ 33. Ka1 Qxd4+
34. Kb1 Qb4+ 35. Ka1 Ba6 36. Rc2 Bc5 37. Nc6 Qa3+ 38. Kb1 Be3 39. Ra2 Qd3+ 40.
Rc2 Qb3+ 41. Rb2 Qc3 42. Re2 Bd2 43. Rd1 Qb3+ {Pri kvalite obou zapisu za
prubeh nerucim} 0-1

[Event "12.PSF-B"]
[Site "Prague"]
[Date "2016.06.20"]
[Round "2.5"]
[White "Schoppe, Christian"]
[Black "Hosova, Sandra"]
[Result "1-0"]
[WhiteElo "1633"]
[BlackElo "1080"]
[PlyCount "61"]
[EventDate "2016.06.25"]
[EventType "swiss"]
[EventRounds "9"]
[EventCountry "CZE"]

1. f4 Nf6 2. Nf3 d5 3. c3 Nc6 4. d3 Bg4 5. e3 e6 6. Bd2 Bc5 7. a4 Qd7 8. b4 Bd6
9. Na3 e5 10. Be2 exf4 11. exf4 Qe6 12. O-O Nh5 13. Nd4 Nxd4 14. Bxg4 Nf5 15.
Re1 Nf6 16. Bxf5 Qxe1+ 17. Qxe1+ Kd8 18. Nb5 Be7 19. Qe5 Ke8 20. Re1 Kf8 21.
Qxe7+ Kg8 22. Nxc7 Rb8 23. Nxd5 g6 24. Nxf6+ Kg7 25. Bd7 Rhf8 26. c4 a6 27. Bc3
Kh6 28. Re3 Kg7 29. Rh3 h5 30. Nxh5+ Kg8 31. Qf6 1-0

[Event "12.PSF-B"]
[Site "Prague"]
[Date "2016.06.20"]
[Round "2.6"]
[White "Novy, Filip"]
[Black "Plate, Marion Helga"]
[Result "1-0"]
[WhiteElo "1966"]
[BlackElo "1276"]
[PlyCount "55"]
[EventDate "2016.06.25"]
[EventType "swiss"]
[EventRounds "9"]
[EventCountry "CZE"]

1. e4 d6 2. d4 Nf6 3. Nc3 g6 4. Be2 Bg7 5. Nf3 O-O 6. O-O Nbd7 7. h3 c5 8. Be3
cxd4 9. Nxd4 a6 10. f4 e5 11. Nb3 Qc7 12. g4 Nb6 13. f5 Rd8 14. Bg5 Bd7 15.
fxg6 hxg6 16. Bxf6 Bxf6 17. Rxf6 Be6 18. Qf1 Qd7 19. Rd1 Kg7 20. Nd5 Bxd5 21.
exd5 Rh8 22. Kg2 Qe7 23. g5 e4 24. Qf4 Rad8 25. c4 Na4 26. Rd4 e3 27. Re4 Qd7
28. Bg4 1-0

[Event "12.PSF-B"]
[Site "Prague"]
[Date "2016.06.20"]
[Round "2.7"]
[White "Korsinskij, Marek"]
[Black "Fiala, Jiri"]
[Result "0-1"]
[WhiteElo "1378"]
[BlackElo "1934"]
[PlyCount "98"]
[EventDate "2016.06.25"]
[EventType "swiss"]
[EventRounds "9"]
[EventCountry "CZE"]

1. e4 c5 2. Nf3 e6 3. d4 cxd4 4. Nxd4 a6 5. Nc3 Qc7 6. a3 Nc6 7. Be3 Nf6 8. Be2
Be7 9. O-O d6 10. f4 O-O 11. Kh1 Bd7 12. g4 Nxd4 13. Bxd4 e5 14. Be3 exf4 15.
Bxf4 Bc6 16. Bf3 Rac8 17. g5 Nd7 18. Re1 Ne5 19. Rc1 Nxf3 20. Qxf3 f6 21. Qg4
f5 22. Qg3 fxe4 23. Nxe4 b5 24. Kg1 Rcd8 25. Nc5 Qa7 26. Qe3 dxc5 27. Qxe7 Qxe7
28. Rxe7 Rxf4 29. Rc7 Ba8 30. Rxc5 Rg4+ 31. Kf2 Rf8+ 32. Ke3 Re4+ 33. Kd3 Rd8+
34. Kc3 Rb8 35. Rf1 a5 36. b4 Re3+ 37. Kb2 axb4 38. axb4 Re4 39. Kc3 Re2 40. h4
Be4 41. Kb2 Bg6 42. Rh1 Bh5 43. Rf1 Re4 44. Rff5 Rxb4+ 45. Kc3 Rxh4 46. Rxb5
Rc8+ 47. Kb2 Rh2 48. Ka1 Rhxc2 49. Rb1 Ra8+ 0-1

[Event "12.PSF-B"]
[Site "Prague"]
[Date "2016.06.20"]
[Round "2.8"]
[White "Kosar, Milan"]
[Black "Zabehlicky, Jiri"]
[Result "1/2-1/2"]
[WhiteElo "1668"]
[BlackElo "1497"]
[PlyCount "53"]
[EventDate "2016.06.25"]
[EventType "swiss"]
[EventRounds "9"]
[EventCountry "CZE"]

1. e4 e5 2. Nf3 Nc6 3. Bc4 Bc5 4. d3 Nf6 5. Nc3 h6 6. O-O d6 7. h3 a6 8. a3 O-O
9. Be3 Ba7 10. Bxa7 Rxa7 11. Qd2 b5 12. Bb3 Nd4 13. Nxd4 exd4 14. Ne2 c5 15. f4
Re7 16. Ng3 Qc7 17. c4 Be6 18. Rae1 bxc4 19. dxc4 Bd7 20. Bc2 Rfe8 21. Rf2 Be6
22. b3 Bc8 23. Rfe2 Kf8 24. Kh1 Bd7 25. Kg1 Bc8 26. Kh1 Bd7 27. Kg1 1/2-1/2

[Event "12.PSF-B"]
[Site "Prague"]
[Date "2016.06.20"]
[Round "2.9"]
[White "Zubek, Rudolf"]
[Black "Ruzicka, Vaclav"]
[Result "0-1"]
[WhiteElo "1423"]
[BlackElo "1635"]
[PlyCount "52"]
[EventDate "2016.06.25"]
[EventType "swiss"]
[EventRounds "9"]
[EventCountry "CZE"]

1. e4 c6 2. Be2 d5 3. exd5 cxd5 4. Nf3 Nf6 5. d4 Qc7 6. h3 Bf5 7. Nh4 Bxc2 8.
Qd2 e6 9. Nc3 Be4 10. f3 Qg3+ 11. Kf1 Qxh4 12. fxe4 Bb4 13. Qg5 Qxg5 14. Bxg5
Nxe4 15. Nxe4 dxe4 16. Bb5+ Nc6 17. Rc1 Kd7 18. Ke2 a6 19. Ba4 b5 20. Bb3 Nxd4+
21. Ke3 Nxb3 22. Rhd1+ Bd2+ 23. Rxd2+ Nxd2 24. Rd1 f6 25. Rxd2+ Ke7 26. Kxe4
fxg5 0-1

[Event "12.PSF-B"]
[Site "Prague"]
[Date "2016.06.20"]
[Round "2.10"]
[White "Kucera, Josef"]
[Black "Husa, Daniel"]
[Result "0-1"]
[WhiteElo "1739"]
[BlackElo "1392"]
[PlyCount "138"]
[EventDate "2016.06.25"]
[EventType "swiss"]
[EventRounds "9"]
[EventCountry "CZE"]

1. Nf3 d5 2. g3 c5 3. Bg2 Nf6 4. O-O g6 5. d3 Bg7 6. Nbd2 O-O 7. c3 Nc6 8. Qc2
e6 9. e4 dxe4 10. dxe4 Qc7 11. Nb3 b6 12. Bf4 Qe7 13. Rad1 Bb7 14. Bd6 Qe8 15.
Bxf8 Qxf8 16. h3 Ne7 17. Ne5 Qc8 18. Nc4 Qc7 19. Rfe1 Ne8 20. Re3 Qc6 21. f4
Qc7 22. Red3 Ba6 23. Rd7 Qc8 24. Nxb6 axb6 25. Rxe7 Bb5 26. e5 Rxa2 27. Ra1
Rxa1+ 28. Nxa1 Nc7 29. c4 Be8 30. Qb3 Qb8 31. Qa3 Bf8 32. Rxe8 Nxe8 33. Qa8
Qxa8 34. Bxa8 Ng7 35. Nc2 Be7 36. Na3 Kf8 37. Bc6 Nf5 38. Kf2 Nd4 39. Ba4 Bd8
40. Nb1 Ke7 41. Nc3 Bc7 42. Ne4 h5 43. Ke3 Nf5+ 44. Kd3 Bb8 45. g4 hxg4 46.
hxg4 Nh6 47. Nf6 Ba7 48. Bc6 Bb8 49. Bf3 Bc7 50. Bc6 Bb8 51. Ke4 Bc7 52. Kf3
Kf8 53. Kg3 Ng8 54. Ne4 Ke7 55. Kf3 Nh6 56. Nf6 Bb8 57. Kg3 Bc7 58. Kh4 Kf8 59.
Kg5 Ng8 60. Nd7+ Kg7 61. f5 gxf5 62. gxf5 exf5 63. Kxf5 Ne7+ 64. Ke4 Nxc6 65.
Nf6 Bxe5 66. Nd5 Bxb2 67. Nxb6 Bd4 68. Kd5 Nb4+ 69. Kd6 f5 0-1

[Event "12.PSF-B"]
[Site "Prague"]
[Date "2016.06.20"]
[Round "2.11"]
[White "Zacek, Petr"]
[Black "Lhotska, Anna"]
[Result "0-1"]
[WhiteElo "1584"]
[BlackElo "1461"]
[PlyCount "92"]
[EventDate "2016.06.25"]
[EventType "swiss"]
[EventRounds "9"]
[EventCountry "CZE"]

1. e4 c5 2. Nf3 d6 3. d4 cxd4 4. Nxd4 Nf6 5. Nc3 a6 6. Be2 e5 7. Nb3 Be6 8. O-O
Be7 9. Be3 O-O 10. f4 exf4 11. Bxf4 d5 12. e5 Ne4 13. Nxe4 dxe4 14. Qxd8 Rxd8
15. Rad1 Nc6 16. c3 Rxd1 17. Rxd1 Bxb3 18. axb3 Rd8 19. Rxd8+ Bxd8 20. Bc4 Ne7
21. e6 f6 22. Bd6 b5 23. Bxe7 Bxe7 24. Bd5 f5 25. Kf2 Bc5+ 26. Ke2 Kf8 27. b4
Bb6 28. Bb7 a5 29. bxa5 Bxa5 30. Bc6 b4 31. c4 b3 32. Bd5 Bb6 33. g4 g6 34. g5
Bd4 35. Kd1 Bxb2 36. c5 Be5 37. Bxb3 Bxh2 38. c6 Ke7 39. Ke2 Bf4 40. Bd5 Kd6
41. c7 Kxc7 42. e7 Kd7 43. Bg8 Kxe7 44. Bxh7 Kf7 45. Kf2 Kg7 46. Bxg6 Kxg6 0-1

[Event "12.PSF-B"]
[Site "Prague"]
[Date "2016.06.20"]
[Round "3.1"]
[White "Kuhnmund, Ivan"]
[Black "Koper, Stefan"]
[Result "0-1"]
[WhiteElo "1703"]
[BlackElo "1872"]
[PlyCount "84"]
[EventDate "2016.06.25"]
[EventType "swiss"]
[EventRounds "9"]
[EventCountry "CZE"]

1. e4 g6 2. f4 d5 3. e5 c5 4. Nf3 Bg4 5. h3 Bxf3 6. Qxf3 e6 7. Bb5+ Nc6 8. c4
a6 9. cxd5 exd5 10. Bxc6+ bxc6 11. O-O Ne7 12. Nc3 h5 13. g4 hxg4 14. hxg4 Qc7
15. d3 O-O-O 16. Bd2 Bg7 17. Kg2 g5 18. f5 Bxe5 19. Bxg5 f6 20. Bf4 Rdg8 21.
Bxe5 Qxe5 22. Rh1 Rxh1 23. Rxh1 Nxf5 24. Rh5 Ne3+ 25. Kh1 Qd4 26. g5 Rxg5 27.
Rh8+ Kd7 28. Qh3+ Nf5 29. Qh7+ Ne7 30. Qh3+ Qg4 31. Na4 Qxh3+ 32. Rxh3 Kd6 33.
Rh8 Rg4 34. b3 Ng6 35. Rd8+ Kc7 36. Ra8 Kb7 37. Rd8 Rxa4 38. bxa4 Ne5 39. a5
Nxd3 40. Rd7+ Kc8 41. Rd6 Kc7 42. Rxf6 c4 {Nekolik dalsich tahu nevylusteno}
0-1